Statistiques concernant Les films de 2023

Cliquez ici pour prendre le quiz!

Statistiques générales

  • Ce quiz a été pris 132 fois
  • Le résultat moyen est 5 sur 16

Statistiques - réponses

Réponse% Correct
Barbie
98%
Oppenheimer
84%
Super Mario Bros.
76%
Alibi.com 2
57%
Le Garçon et le Héron
55%
Anatomie d'une chute
48%
Yannick
45%
Je verrai toujours vos visages
30%
Le Règne Animal
29%
L'Été Dernier
10%
Désordres
5%
Le Gang des bois du Temple
4%
Fermer les yeux
3%
Sur l'Adamant
3%
Ricardo et la peinture
1%
Astrakan
0%

Distribution des résultats

Percentile par nombre de réponses

% des personnes avec chaque résultat

Votre développement - résultats

Vous n’avez pas pris ce quiz